书目信息 |
| 题名: |
大宗有机化学品工业污染综合防治最佳可行技术
|
|
| 作者: | ;周岳溪 译 ;欧盟委员会 编著 | |
| 分册: | ||
| 出版信息: | 北京 化学工业出版社 2014 |
|
| 页数: | 440页 | |
| 开本: | 26cm | |
| 丛书名: | 污染综合防治最佳可行技术参考丛书 | |
| 单 册: | ||
| 中图分类: | X783 | |
| 科图分类: | ||
| 主题词: | 有机化学--化学污染--污染防治--研究 , 有机化学 , 化学污染 , 污染防治 | |
| 电子资源: | ||
| ISBN: | 978-7-122-19338-4 | |
| 000 | 01344nam0 2200325 450 | |
| 001 | 3653 | |
| 005 | 20160927091817.70 | |
| 005 | 20140707172359 | |
| 010 | @a978-7-122-19338-4@b精装@dCNY180.00 | |
| 100 | @a20140617d2014 em y0chiy50 ea | |
| 101 | 1 | @achi@ceng |
| 102 | @aCN@b110000 | |
| 105 | @ay z 000yy | |
| 200 | 1 | @a大宗有机化学品工业污染综合防治最佳可行技术@9da zong you ji hua xue pin gong ye wu ran zong he fang zhi zui jia ke xing ji shu@dReference document on best available techniques in the large volume organic chemical industry@zeng@f欧盟委员会联合研究中心编著@g周岳溪等译 |
| 210 | @a北京@c化学工业出版社@d2014 | |
| 215 | @a440页@d26cm | |
| 225 | 1 | @a污染综合防治最佳可行技术参考丛书 |
| 304 | @a环境保护部科技标准司组织翻译 | |
| 305 | @aEuropean Communities授权出版 | |
| 330 | @a本书介绍了欧盟LVOC行业的运行管理、行业通用BAT技术及典型生产工艺的资源利用与污染控制BAT技术等。 | |
| 510 | 1 | @aReference document on best available techniques in the large volume organic chemical industry@zeng |
| 606 | 0 | @a有机化学@x化学污染@x污染防治@x研究 |
| 606 | 0 | @a有机化学 |
| 606 | 0 | @a化学污染 |
| 606 | 0 | @a污染防治 |
| 690 | @aX783@v5 | |
| 702 | 0 | @a周岳溪@9zhou yue xi@4译 |
| 711 | 02 | @a欧盟委员会@9ou meng wei yuan hui@b联合研究中心@4编著 |
| 801 | 0 | @aCN@b唐山师范学院图书馆@c20151001 |
| 905 | @aZUCC@dX783@e207 | |
| 大宗有机化学品工业污染综合防治最佳可行技术=Reference document on best available techniques in the large volume organic chemical industry/欧盟委员会联合研究中心编著/周岳溪等译.-北京:化学工业出版社,2014 |
| 440页;26cm.-(污染综合防治最佳可行技术参考丛书) |
| ISBN 978-7-122-19338-4(精装):CNY180.00 |
| 本书介绍了欧盟LVOC行业的运行管理、行业通用BAT技术及典型生产工艺的资源利用与污染控制BAT技术等。 |
| ● |
| 相关链接 |
|
|
|
|
正题名:大宗有机化学品工业污染综合防治最佳可行技术
索取号:X783/207
 
预约/预借
| 序号 | 登录号 | 条形码 | 馆藏地/架位号 | 状态 | 备注 |
| 1 | 905957 | 209059579 | 第二样本阅览室/ [索取号:X783/207] | 在馆 | |
| 2 | 905958 | 209059588 | 密集书库-化学系/ [索取号:X783/207] | 在馆 | |
| 3 | 905959 | 209059597 | 第三借阅区/ [索取号:X783/207] | 在馆 |